<?xml version="1.0" encoding="UTF-8"?>
<record
    xmlns:xsi="http://www.w3.org/2001/XMLSchema-instance"
    xsi:schemaLocation="http://www.loc.gov/MARC21/slim http://www.loc.gov/standards/marcxml/schema/MARC21slim.xsd"
    xmlns="http://www.loc.gov/MARC21/slim">

  <leader>04545nam a2200625 i 4500</leader>
  <controlfield tag="001">58102</controlfield>
  <controlfield tag="003">FINmELB</controlfield>
  <controlfield tag="005">20241216233001.0</controlfield>
  <controlfield tag="006">m     o  u        </controlfield>
  <controlfield tag="007">cr cn|||||||||</controlfield>
  <controlfield tag="008">211019e202003  mx a    ob    000 0 spa d</controlfield>
  <datafield tag="020" ind1=" " ind2=" ">
    <subfield code="z">9786078636587</subfield>
  </datafield>
  <datafield tag="035" ind1=" " ind2=" ">
    <subfield code="a">(OCoLC)1280139702</subfield>
  </datafield>
  <datafield tag="040" ind1=" " ind2=" ">
    <subfield code="a">FINmELB</subfield>
    <subfield code="b">spa</subfield>
    <subfield code="e">rda</subfield>
    <subfield code="c">FINmELB</subfield>
  </datafield>
  <datafield tag="050" ind1="0" ind2="0">
    <subfield code="a">HE8697.95.M6</subfield>
    <subfield code="b">R335 2020</subfield>
  </datafield>
  <datafield tag="080" ind1=" " ind2=" ">
    <subfield code="a">654.195.6</subfield>
  </datafield>
  <datafield tag="082" ind1="0" ind2="4">
    <subfield code="a">384.540972</subfield>
    <subfield code="2">23</subfield>
  </datafield>
  <datafield tag="245" ind1="0" ind2="0">
    <subfield code="a">#RadioComunitaria :</subfield>
    <subfield code="b">participaci&#xF3;n ciudadana sin l&#xED;mites /</subfield>
    <subfield code="c">Patricia Ortega Ram&#xED;rez, Jer&#xF3;nimo Repoll, coordinadores.</subfield>
  </datafield>
  <datafield tag="246" ind1="3" ind2=" ">
    <subfield code="a">Hashtag RadioComunitaria</subfield>
  </datafield>
  <datafield tag="246" ind1="3" ind2=" ">
    <subfield code="a">Radio comunitaria</subfield>
  </datafield>
  <datafield tag="246" ind1="3" ind2=" ">
    <subfield code="a">RadioComunitaria</subfield>
  </datafield>
  <datafield tag="250" ind1=" " ind2=" ">
    <subfield code="a">Primera edici&#xF3;n.</subfield>
  </datafield>
  <datafield tag="264" ind1=" " ind2="1">
    <subfield code="a">Ciudad de M&#xE9;xico :</subfield>
    <subfield code="b">Bonilla Artigas Editores :</subfield>
    <subfield code="b">Universidad Aut&#xF3;noma Metropolitana, Unidad Xochimilco, Divisi&#xF3;n de Ciencias Sociales y Humanidades,</subfield>
    <subfield code="c">marzo de 2020.</subfield>
  </datafield>
  <datafield tag="264" ind1=" " ind2="4">
    <subfield code="c">&#xA9;2020</subfield>
  </datafield>
  <datafield tag="300" ind1=" " ind2=" ">
    <subfield code="a">1 recurso en l&#xED;nea (171 p&#xE1;ginas) :</subfield>
    <subfield code="b">ilustraciones</subfield>
  </datafield>
  <datafield tag="336" ind1=" " ind2=" ">
    <subfield code="a">texto</subfield>
    <subfield code="b">txt</subfield>
    <subfield code="2">rdacontent/spa</subfield>
  </datafield>
  <datafield tag="337" ind1=" " ind2=" ">
    <subfield code="a">computadora</subfield>
    <subfield code="b">c</subfield>
    <subfield code="2">rdamedia/spa</subfield>
  </datafield>
  <datafield tag="338" ind1=" " ind2=" ">
    <subfield code="a">recurso en l&#xED;nea</subfield>
    <subfield code="b">cr</subfield>
    <subfield code="2">rdacarrier/spa</subfield>
  </datafield>
  <datafield tag="490" ind1="1" ind2=" ">
    <subfield code="a">P&#xFA;blica Cultura ;</subfield>
    <subfield code="v">9</subfield>
  </datafield>
  <datafield tag="504" ind1=" " ind2=" ">
    <subfield code="a">Incluye referencias bibliogr&#xE1;ficas.</subfield>
  </datafield>
  <datafield tag="505" ind1="0" ind2=" ">
    <subfield code="a">Visibilidad y libertad de expresi&#xF3;n / Patricia Ortega Ram&#xED;rez -- Derecho a la comunicaci&#xF3;n y radio comunitaria en M&#xE9;xico / Juan Daniel Monta&#xF1;o Rico -- La mediaci&#xF3;n social en juego / Jer&#xF3;nimo Repoll -- Cuando el receptor deviene emisor / Carlos Eduardo Villalba G&#xF3;mez.</subfield>
  </datafield>
  <datafield tag="520" ind1=" " ind2=" ">
    <subfield code="a">"Sin licencia o con ella, la radio comunitaria se ha impuesto en la realidad latinoamericana. Para comunidades rurales, ind&#xED;genas y urbanas, este medio ha sido la &#xFA;nica posiblidad de dar visibilidad a las contradicciones, injusticias y diferencias que padecen. Las radios comunitarias han sido tambi&#xE9;n espacios de expresi&#xF3;n, cohesi&#xF3;n y lucha por el derecho a la comunicaci&#xF3;n, a la informaci&#xF3;n y a la cultura. Durante las primeras d&#xE9;cadas del siglo XXI el marco jur&#xED;dico que regula a los medios de comunicaci&#xF3;n y las pol&#xED;ticas p&#xFA;blicas hacia la radiodifusi&#xF3;n se modificaron y, aunque de manera insuficiente, las nuevas normas reconocen y garantizan condiciones para el desarrollo de la radio comunitaria. Este libro recoge la discusi&#xF3;n actual sobre tales cambios. Adem&#xE1;s, en sus p&#xE1;ginas se muestran las coordenadas para pensar a los medios sociales cuando la digitalizaci&#xF3;n ha operado un cambio de fondo en los procesos de producci&#xF3;n, circulaci&#xF3;n y consumo de contenidos, al mismo tiempo que ha afianzado las formas de interacci&#xF3;n entre medios y comunidad. En los dos estudios de caso aqu&#xED; incluidos se describen fundamentales experiencias ciudadanas para el ejercicio de la libertad de expresi&#xF3;n. Este libro es una lectura indispensable para comprender el avance de la radio comunitaria que, alentada por ciudadanos de varidas preocupaciones y delante de la hegemon&#xED;a de la comunicaci&#xF3;n comercial, de los medios p&#xFA;blicos y de los oficiales, construye un perfil propio y ocupa un sitio singular en el nuevo ecosistema comunicacional.</subfield>
  </datafield>
  <datafield tag="588" ind1=" " ind2=" ">
    <subfield code="a">Descripci&#xF3;n basada en metadatos suministrados por el editor y otras fuentes.</subfield>
  </datafield>
  <datafield tag="590" ind1=" " ind2=" ">
    <subfield code="a">Recurso electr&#xF3;nico. Santa Fe, Arg.: elibro, 2021. Disponible v&#xED;a World Wide Web. El acceso puede estar limitado para las bibliotecas afiliadas a elibro.</subfield>
  </datafield>
  <datafield tag="650" ind1=" " ind2="4">
    <subfield code="a">Radio comunitaria</subfield>
    <subfield code="z">M&#xE9;xico</subfield>
    <subfield code="v">Casos de estudios.</subfield>
  </datafield>
  <datafield tag="650" ind1=" " ind2="4">
    <subfield code="a">Radio p&#xFA;blica</subfield>
    <subfield code="z">M&#xE9;xico.</subfield>
  </datafield>
  <datafield tag="650" ind1=" " ind2="4">
    <subfield code="a">Radio comunitaria</subfield>
    <subfield code="z">Am&#xE9;rica Latina</subfield>
    <subfield code="v">Estudios de casos.</subfield>
  </datafield>
  <datafield tag="650" ind1=" " ind2="4">
    <subfield code="a">Radio en el desarrollo comunitario</subfield>
    <subfield code="z">Am&#xE9;rica Latina</subfield>
    <subfield code="v">Estudios de casos.</subfield>
  </datafield>
  <datafield tag="650" ind1=" " ind2="4">
    <subfield code="a">Radiodifusi&#xF3;n</subfield>
    <subfield code="x">Aspectos sociales</subfield>
    <subfield code="z">Am&#xE9;rica Latina</subfield>
    <subfield code="v">Estudios de casos.</subfield>
  </datafield>
  <datafield tag="650" ind1=" " ind2="0">
    <subfield code="a">Community radio</subfield>
    <subfield code="z">Mexico</subfield>
    <subfield code="v">Case studies.</subfield>
  </datafield>
  <datafield tag="650" ind1=" " ind2="0">
    <subfield code="a">Public radio</subfield>
    <subfield code="z">Mexico.</subfield>
  </datafield>
  <datafield tag="650" ind1=" " ind2="0">
    <subfield code="a">Community radio</subfield>
    <subfield code="z">Latin America</subfield>
    <subfield code="v">Case studies.</subfield>
  </datafield>
  <datafield tag="650" ind1=" " ind2="0">
    <subfield code="a">Radio in community development</subfield>
    <subfield code="z">Latin America</subfield>
    <subfield code="v">Case studies.</subfield>
  </datafield>
  <datafield tag="650" ind1=" " ind2="0">
    <subfield code="a">Radio broadcasting</subfield>
    <subfield code="x">Social aspects</subfield>
    <subfield code="z">Latin America</subfield>
    <subfield code="v">Case studies.</subfield>
  </datafield>
  <datafield tag="655" ind1=" " ind2="4">
    <subfield code="a">Libros electr&#xF3;nicos.</subfield>
  </datafield>
  <datafield tag="700" ind1="1" ind2=" ">
    <subfield code="a">Ortega Ram&#xED;rez, Patricia,</subfield>
    <subfield code="e">editor.</subfield>
  </datafield>
  <datafield tag="700" ind1="1" ind2=" ">
    <subfield code="a">Repoll, Jer&#xF3;nimo,</subfield>
    <subfield code="e">editor.</subfield>
  </datafield>
  <datafield tag="700" ind1="1" ind2="2">
    <subfield code="i">Contenedor de(obra):</subfield>
    <subfield code="a">Ortega Ram&#xED;rez, Patricia.</subfield>
    <subfield code="t">Visibilidad y libertad de expresi&#xF3;n.</subfield>
  </datafield>
  <datafield tag="797" ind1="2" ind2=" ">
    <subfield code="a">elibro, Corp.</subfield>
  </datafield>
  <datafield tag="830" ind1=" " ind2="0">
    <subfield code="a">P&#xFA;blica cultura ;</subfield>
    <subfield code="v">9.</subfield>
  </datafield>
  <datafield tag="856" ind1="4" ind2="0">
    <subfield code="u">https://elibro.net/ereader/politecnicointernacional/175199</subfield>
  </datafield>
  <datafield tag="999" ind1=" " ind2=" ">
    <subfield code="c">58102</subfield>
    <subfield code="d">58102</subfield>
  </datafield>
</record>
